000 00694nam a2200193Ii 4500
003 JO-AjNU
008 230605s9999||||xx |||||||||||||| ||und||
040 _aJO-AjNU
_bara
_erda
_cJO-AjNU
041 _aara
050 1 4 _aBP135 1987
100 3 _aالسيوطي، جلال الدين ؛ دراسة وتحقيق مصطفى عاشور,
_eauthor
_956405
245 0 0 _aعمل اليوم والليلة
264 3 1 _aالقاهرة: دار التربية للطباعة والنشر والتوزيع ، 1987
300 _a151ص
336 _atext
_btxt
_2rdacontent
337 _aunmediated
_bn
_2rdamedia
338 _avolume
_bnc
_2rdacarrier
650 4 _aالادعية والاوراد
_956406
999 _aA25215
_c28783
_d28783